| 000 | 00439nam a2200145 a 4500 | ||
|---|---|---|---|
| 005 | 20140412111230.0 | ||
| 008 | 020410s19uu xx 00 eng d | ||
| 050 |
_aTR(GS 510.76 _bMOO 1985 |
||
| 100 | _aMoore, Jo Ellen | ||
| 245 |
_aProblem solving A : _breproducilble, level 1-2 / _cJo Ellen Moore & Joy Evans. |
||
| 260 |
_aU. S. A : _bEvan-Moor Corp, _c1985. |
||
| 300 | _a32 p. | ||
| 650 |
_aMath _xJuvenile literature |
||
| 999 |
_c102159 _d102159 |
||